The snows of Kilimanjaro, and other stories
Sábháilte in:
| Príomhchruthaitheoir: | |
|---|---|
| Formáid: | LEABHAR |
| Teanga: | Béarla |
| Foilsithe / Cruthaithe: |
Nueva York
Bantam Books
1976
|
| Ábhair: | |
| Clibeanna: |
Cuir clib leis
Níl clibeanna ann, Bí ar an gcéad duine le clib a chur leis an taifead seo!
|
MARC
| LEADER | 00000nam a2200000 a 4500 | ||
|---|---|---|---|
| 001 | UCQ4347 | ||
| 003 | CL-VaPUC | ||
| 008 | 980904e19760000US |||||||||||||||||eng|d | ||
| 082 | 0 | 4 | |a 813 |b HEM |2 21 |
| 100 | |a Hemingway, Ernest |e author |9 582258 | ||
| 245 | 1 | 4 | |a The snows of Kilimanjaro, and other stories |
| 300 | |a 150 p | ||
| 942 | |c BK | ||
| 945 | |d 19980904 00:00:00 |a crobeson | ||
| 260 | |a Nueva York |b Bantam Books |c 1976 | ||
| 650 | 0 | |a Cuentos estadounidenses |9 265133 | |
| 650 | 0 | |a Literatura estadounidense |9 317168 | |
| 583 | |a last modification |c 19980904 00:00:00 |k Rodrigo Vera | ||
| 999 | |c 274731 |d 274729 | ||
| 952 | |0 0 |1 0 |4 0 |6 813_000000000000000_HEM_1976 |7 0 |8 A |9 311029 |a BIBEDU |b BIBEDU |d 2019-11-20 |i 1463152 |o 813 HEM 1976 |p 1463152 |r 2019-11-20 |w 2019-11-20 |y BK |k LIT | ||